Una Iglesia en crisis (Record no. 58562)

MARC details
000 -LEADER
campo de control de longitud fija 00578nam a2200169 i 4500
001 - NÚMERO DE CONTROL
campo de control 58562
003 - IDENTIFICADOR DE NÚMERO DE CONTROL
campo de control ES-MaACL
005 - FECHA Y HORA DE LA ÚLTIMA TRANSACCIÓN
campo de control 20230906163833.0
007 - CAMPO FIJO DE DESCRIPCIÓN FÍSICA--INFORMACIÓN GENERAL
campo de control de longitud fija t|
008 - DATOS DE LONGITUD FIJA--INFORMACIÓN GENERAL
campo de control de longitud fija 031022s1972 sp ||||1| spa d
100 1# - ENTRADA PRINCIPAL--NOMBRE DE PERSONA
Nombre de persona Dulong, Renaud.
9 (RLIN) 45974
245 14 - MENCIÓN DEL TÍTULO
Título Una Iglesia en crisis
Resto del título : ensayo sociológico sobre la crisis de la Iglesia católica /
Mención de responsabilidad, etc. Renaud Dulong ; [traducción de Nuria Vidal].
260 ## - PUBLICACIÓN, DISTRIBUCIÓN, ETC.
Lugar de publicación, distribución, etc. [Madrid, etc. :
Nombre del editor, distribuidor, etc. Marova ;
Lugar de publicación, distribución, etc. Barcelona :
Nombre del editor, distribuidor, etc. Ferrer Coll,
Fecha de publicación, distribución, etc. 1972]
300 ## - DESCRIPCIÓN FÍSICA
Extensión 199 p. ;
Dimensiones 18 cm.
700 1# - ENTRADA AGREGADA--NOMBRE PERSONAL
Nombre de persona Vidal, Nuria.
9 (RLIN) 114451
852 ## - LOCALIZACIÓN
Ubicación ES-MaACL
Número de control de estantería C-52211
Sublocalización o colección R.83995
Holdings
Estatus retirado Estado de pérdida Estado de daño No para préstamo Biblioteca de origen Biblioteca actual Ubicación en estantería Fecha de adquisición Fuente de adquisición Total de préstamos Signatura topográfica completa Código de barras Visto por última vez Precio de reemplazo Tipo de ítem Koha
        Biblioteca del Ateneo de Madrid Biblioteca del Ateneo de Madrid Depósito 2 17/01/2008     C-52211 1061443 23/02/2023 23/02/2023 Libro impreso